02620cam a22002654a 4500020001500000020002200015041000800037082001900045245002500064260004600089300001800135505178800153650005801941650001801999650002402017650001802041700002702059700002802086700002402114856005602138856006802194856006802262942000702330999001702337 a0567088960 a0567088782 (pbk.) aENG00a241.64957bDEA00aRe-ordering nature : aLondon ;aNew York :bT & T Clark,c2003. axiv, 368 p. ;0 aGenetically modified theology: the religious dimensions of public concerns about agricultural biotechnology / Celia Deane-Drummond, Robin Grove-White, and Bronislaw Szerszynski -- Response to chapter 1 / Christopher Southgate -- Detracting from divine power? Religious belief and the appraisal of new technologies / John Hedley Brooke -- Response to chapter 2 / Arthur Peacocke -- Burke, Barth and biotechnology: on preferring the Sabbath to the sublime: some preliminary thoughts / Michael Banner -- Response to chapter 3: Possums on the pill: how to save nature / Michael J. Reiss -- 'Behold I have set the land before you' (Deut. 1.8): Christian ethics, GM foods, and the culture of modern farming / Michael S. Northcott -- Response to chapter 4: Nature to order: but which nature and whose order? / Peter Scott -- Relating genetics to theology on the map of scientific knowledge / Arthur Peacocke -- Is it right to move genes between species? A theological perspective / Michael J. Reiss -- Playing dice with creation: how risky should the new genetics be? / Donald M. Bruce -- Thinking about biotechnology: towards a theory of just experimentation / Stephen R.L. Clark -- 'Just because we can do something doesn't mean we should': young people's responses to biotechnology / Mairi Levitt -- At reason's end: the inoperative liturgy of risk society / Bronislaw Szerszynski -- Interpreting public concerns about GMOs: questions of meaning / Brian Wynne -- Re-ordering means and ends: Ellul and the new genetics / Jacqui Stewart -- Nature, technology and the rule of God: (en)countering the disgracing of nature / Peter Scott -- Aquinas, wisdom ethics and the new genetics / Celia Deane-Drummond -- Re-ordering nature: a postscript / Bronislaw Szerszynski and Celia Deane-Drummond. 0aGenetic engineeringaReligious Aspects - Christianity 0aBiotechnology 0aGenetic engineering 0aBiotechnology1 aDeane-Drummond, Celia.1 aSzerszynski, Bronislaw.1 aGrove-White, Robin.41uhttp://www.loc.gov/catdir/toc/fy051/2004555093.html42uhttp://www.loc.gov/catdir/enhancements/fy1115/2004555093-b.html42uhttp://www.loc.gov/catdir/enhancements/fy1214/2004555093-d.html cBK c22510d22510